[Event "Mittelfranken-chTB2a 1819"]
[Site "Mittelfranken"]
[Date "2018.11.04"]
[Round "2.5"]
[White "Kretschmer, Wolfgang2222"]
[Black "Klingler, Tobias"]
[Result "0-1"]
[WhiteElo "1701"]
[BlackElo "1817"]
[PlyCount "34"]
[EventDate "2018.10.14"]
[EventType "team-tourn"]
[EventRounds "9"]
[EventCountry "GER"]
[SourceTitle "EXT 2022"]
[Source "ChessBase"]
[SourceDate "2021.10.06"]
[SourceVersion "1"]
[SourceVersionDate "2021.10.06"]
[SourceQuality "1"]
[WhiteTeam "Bubenreuth"]
[BlackTeam "Dinkelsbuehl"]
[WhiteTeamCountry "GER"]
[BlackTeamCountry "GER"]

1. c4 e5 2. Nc3 Nf6 3. e3 d5 4. cxd5 Nxd5 5. Nge2 Nb4 6. d4 exd4 7. exd4 Bf5 8. Ng3 Nc2+ 9. Ke2 Nxd4+ 10. Ke1 Nc2+ 11. Ke2 Qe7+ 12. Be3 Bg4+ 13. Kd2 Bxd1 14. Rxd1 Nxe3 15. Re1 Nxf1+ 16. Rhxf1 Nc6 17. Rxe7+ Bxe7 0-1

[Event "Mittelfranken-chTB2a 1314"]
[Site "Mittelfranken"]
[Date "2014.01.12"]
[Round "4.7"]
[White "Hoffmann, Sebastian"]
[Black "Klingler, Tobias"]
[Result "1-0"]
[WhiteElo "1885"]
[BlackElo "1795"]
[PlyCount "122"]
[EventDate "2013.10.20"]
[EventType "team-tourn"]
[EventRounds "9"]
[EventCountry "GER"]
[SourceTitle "EXT 2020"]
[Source "ChessBase"]
[SourceDate "2019.10.17"]
[SourceVersion "1"]
[SourceVersionDate "2019.10.17"]
[SourceQuality "1"]
[WhiteTeam "Nuernberg NT V"]
[BlackTeam "Dinkelsbuehl Wassertruedingen"]
[WhiteTeamCountry "GER"]
[BlackTeamCountry "GER"]

1. e4 Nc6 2. Nf3 d6 3. d4 Bg4 4. Bb5 Bd7 5. 0-0 g6 6. Be3 Bg7 7. c3 Nf6 8. Bd3 a6 9. h3 Qc8 10. Nbd2 0-0 11. d5 Nd8 12. Rc1 c5 13. b3 b5 14. c4 b4 15. Nh2 a5 16. Ndf3 a4 17. Qd2 axb3 18. axb3 Ra3 19. Rb1 Nb7 20. Bh6 Qa8 21. Bxg7 Kxg7 22. e5 Ng8 23. Rfe1 f5 24. exd6 exd6 25. Qb2+ Nf6 26. Re7+ Rf7 27. Rxf7+ Kxf7 28. Ng5+ Kg7 29. Re1 Qf8 30. Ne6+ Bxe6 31. dxe6 Qe7 32. g4 fxg4 33. Nxg4 Ra8 34. Be4 Rb8 35. Qxf6+ Qxf6 36. Nxf6 Kxf6 37. e7 d5 38. Bxd5 Nd6 39. Re6+ Kf7 40. e8Q+ Rxe8 41. Rxd6+ Kg7 42. Re6 Rxe6 43. Bxe6 Kf6 44. Bd5 Ke5 45. Kg2 Kf4 46. Bg8 h6 47. Bf7 g5 48. f3 Ke5 49. Kg3 Kd4 50. Be8 h5 51. f4 g4 52. hxg4 hxg4 53. Kxg4 Ke4 54. f5 Ke5 55. Kg5 Kd4 56. f6 Kc3 57. Ba4 Kb2 58. f7 Ka2 59. f8Q Ka3 60. Qd8 Kb2 61. Qd2+ Ka3 1-0